Sudden Death - Länder Europas - Statistiken

Allgemein
  • Dieses Quiz wurde 837 mal gespielt
    810 seit der letzten Aktualisierung
  • Das Durchschnittsergebnis liegt bei 8 aus 10
Answers on the Grid
Answers color-coded by a green-red scale on the quiz's grid according to % correct below.
Deutschland
Irland
Tunesien
Serbien
Türkei
Armenien
Lettland
Georgien
Angola
Benin
Andorra
Mali
Malta
Mosambik
Palau
Moldawien
Portugal
Eritrea
Jamaika
San Marino
Vanuatu
Sierra Leone
Eswatini
Estland
 
Antwortstatistiken
Antwort % Korrekt
Deutschland
100%
Irland
92%
Serbien
89%
Lettland
76%
Portugal
72%
Estland
68%
Malta
67%
San Marino
67%
Moldawien
64%
Andorra
63%
Keine übereinstimmenden Quizze gefunden
Verteilung der Resultate
Anzahl Personen mit jedem Resultat
Perzentil nach korrekt beantworteten Fragen
Ihre Resultats-Entwicklung
Sie haben dieses Quiz seit der letzten Aktualisierung nicht gespielt